00971nam a22002537a 4500003000900000005001700009008002900026040002200055082002700077245003900104260004300143300002700186490007300213590002700286600008700313650003800400650003500438650003000473710001100503910004000514942001200554952013400566999001700700DO-SdBNP20240905110948.0161129b2007 sp a 00| 0 spa d aBPMSUbspacBPMSU 4a808.83bB638s 200722200aBlancanieves y los siete enanitos  aBarcelona :bDisney Enterprises,c2007 a46 p. :bil.,;c28 cm.0 a Biblioteca infantil, El mundo ; aTodos los cuentos clásicos,v 1 aInventariado, 23024/VM14aGrimm, Wilhelm Karl d1786-1859tBlancanieves y los siete enanitos vAdaptaciones  4aCuentos infantiles vColecciones  4aLibros ilustrados para niños 4aAdaptaciones. vCómics 2 aDisney aVMateo V. Control de calidad. BPMSU 2ddccBK 00102ddc40708CI-GaBPMETbBPMETd2016-11-29eFUNDIl0oBPMSU CGI 808.83 B638s 2007pBPMSU16111632r2016-11-29w2016-11-29yBK c12151d12151